|
|
|
|
| LEADER |
01102nam a22002417a 4500 |
| 001 |
4508 |
| 003 |
BD-DhAAL |
| 005 |
20250807151656.0 |
| 008 |
141117s1908 ii ||||| |||| 00| 1 ben d |
| 040 |
|
|
|a BD-DhAAL
|c BD-DhAAL
|
| 041 |
|
|
|a BEN
|
| 082 |
|
|
|2 22
|a 891.4437
|
| 100 |
|
|
|a ঠাকুর, রবীন্দ্রনাথ.
|9 3812
|
| 245 |
|
|
|a রবীন্দ্র-রচনাবলী,
|n দ্বাবিংশ খণ্ড /
|c রবীন্দ্রনাথ ঠাকুর.
|
| 260 |
|
|
|a কলিকাতা :
|b বিশ্বভারতী,
|c ১৯০৮.
|
| 300 |
|
|
|a ৫৩৫ পৃষ্ঠা ;
|c ২৪ সে. মি.
|
| 541 |
|
|
|e 4508
|
| 600 |
|
|
|a Tagore, Rabindranath,
|x Fiction.
|y 1861-1941.
|9 2544
|
| 600 |
|
|
|a ঠাকুর, রবীন্দ্রনাথ
|x রচনাবলী
|y ১৮৬১-১৯৪১.
|9 2545
|
| 852 |
|
|
|a Ayesha Abed Library
|c General Stacks
|
| 942 |
|
|
|2 ddc
|c BK
|
| 999 |
|
|
|c 33049
|d 33049
|
| 952 |
|
|
|0 0
|1 0
|2 ddc
|4 0
|6 891_443700000000000_TAG
|7 0
|9 44062
|a BRACUL
|b BRACUL
|c GEN
|d 2014-11-17
|g 98.40
|l 0
|o 891.4437 TAG
|p 3010004508
|r 2014-11-17
|t 1
|w 2014-11-17
|y BK
|